00501nam a22001337a 4500003000500000038001800005082000800023100002500031245015600056264003300212650002100245700004300266856005800309NUST aNusrat Nadeem a200 aAkbar, Saddam Sultan aExploration of heat transfer problems involving Newtonian and non-Newtonian flows over isothermal and non-isothermal boundaries/c Saddam Sultan Akbar, aIslamabad:bNBS NUST.c2025. aPhD-Mathematics  aSupervisor: Prof. Meraj Mustafa Hashmi u http://10.250.8.41:8080/xmlui/handle/123456789/55447